| 000 | 00587nam a2200205Ia 4500 | ||
|---|---|---|---|
| 001 | b334-23637 [2450] | ||
| 003 | IT-MiCISF | ||
| 008 | 161014s9999||||xx |||||||||||||| ||und|| | ||
| 040 |
_aIT-MiCISF _cIT-MiCISF |
||
| 041 | _ait | ||
| 100 | _aHite Shere | ||
| 245 | 0 |
_aIl rapporto Hite _bUna inchiesta nuova sulla sessualità femminile |
|
| 250 | _a1a ed. | ||
| 260 |
_a Milano _bBompiani _c1977 [Edizione originale: 1976] |
||
| 300 | _app. 526 | ||
| 500 | _a / donna, sessualità, piacere, problemi-sessualità / | ||
| 650 | _adonna | ||
| 942 | _cBK | ||
| 957 | _71 | ||
| 999 |
_a23637 _bsi _g1 _c214031 _d214031 |
||